[Event "7th Chennai Open"]
[Site "Chennai"]
[Date "2015.01.01"]
[Round "4"]
[White "Sunilduth Lyna, Narayanan"]
[Black "Sanjay, N."]
[Result "1-0"]
[WhiteElo "2437"]
[BlackElo "2343"]
[PlyCount "80"]
[EventDate "2014.12.30"]
[EventType "swiss"]
[EventRounds "10"]
[EventCountry "IND"]

1. d4 Nf6 2. c4 g6 3. Nf3 Bg7 4. g3 O-O 5. Bg2 d6 6. Nc3 Nbd7 7. O-O e5 8. e4
c6 9. h3 Qb6 10. Re1 exd4 11. Nxd4 Ng4 12. Nce2 Nge5 13. b3 Nc5 14. Be3 a5 15.
Rb1 Re8 16. Rf1 Ned7 17. Qc2 Nf6 18. Nc3 Qb4 19. Ncb5 cxb5 20. a3 Qxa3 21. Nxb5
Qb4 22. Bd2 Qxb5 23. cxb5 Nfxe4 24. Rbe1 Bf5 25. g4 Nxd2 26. Rxe8+ Rxe8 27.
Qxd2 Nxb3 28. Qxd6 Be6 29. Bxb7 Bf8 30. Qc7 a4 31. Bc6 Rc8 32. Qa7 a3 33. Bd7
Bxd7 34. Qxd7 Rb8 35. Qd3 Nc5 36. Qc4 Ne6 37. f4 Ra8 38. f5 Nd8 39. b6 a2 40.
Ra1 Bg7 1-0

[Event "7th Chennai Open"]
[Site "Chennai"]
[Date "2015.01.01"]
[Round "4"]
[White "Hemant, Sharma (del)"]
[Black "Prasanna, Raghuram Rao"]
[Result "1/2-1/2"]
[WhiteElo "2234"]
[BlackElo "2436"]
[PlyCount "94"]
[EventDate "2014.12.30"]
[EventType "swiss"]
[EventRounds "10"]
[EventCountry "IND"]
[WhiteClock "0:13:46"]
[BlackClock "0:11:31"]

1. e4 e5 2. Nf3 Nc6 3. Bc4 Bc5 4. c3 Nf6 5. d3 O-O 6. O-O d6 7. Nbd2 a6 8. Bb3
Ba7 9. Nc4 Ne7 10. Re1 Ng6 11. d4 exd4 12. Nxd4 Re8 13. Bc2 Bg4 14. f3 Bd7 15.
Be3 d5 16. Nd2 c5 17. N4b3 Qc7 18. Bf2 Nf4 19. exd5 Rxe1+ 20. Qxe1 c4 21. Nd4
Re8 22. Ne4 Nxe4 23. fxe4 Nxd5 24. Qd2 Qf4 25. Rd1 Qxd2 26. Rxd2 Nf6 27. Nf3
Bxf2+ 28. Kxf2 Bc6 29. Rd4 Bxe4 30. Bxe4 Nxe4+ 31. Kf1 b5 32. a4 h6 33. axb5
axb5 34. Rd5 Rb8 35. Re5 Nf6 36. Rc5 Ne4 37. Re5 Nd6 38. Rd5 Rb6 39. Kf2 Kf8
40. Ke3 Ke7 41. Kd4 b4 42. Kc5 bxc3 43. bxc3 Ra6 44. Nd4 Ra5+ 45. Kc6 Ra6+ 46.
Kc5 Ra5+ 47. Kc6 Ra6+ 1/2-1/2

[Event "7th Chennai Open"]
[Site "Chennai"]
[Date "2015.01.01"]
[Round "4"]
[White "Srinath, Rao S.V"]
[Black "Rajesh, V A V."]
[Result "1/2-1/2"]
[WhiteElo "2027"]
[BlackElo "2408"]
[PlyCount "73"]
[EventDate "2014.12.30"]
[EventType "swiss"]
[EventRounds "10"]
[EventCountry "IND"]

1. e4 e5 2. Nf3 Nc6 3. Bb5 a6 4. Ba4 Nf6 5. O-O Be7 6. Bxc6 dxc6 7. Qe2 Bg4 8.
h3 Bxf3 9. Qxf3 O-O 10. d3 Nd7 11. Nc3 Nc5 12. Ne2 Bg5 13. Qg3 Bxc1 14. Raxc1
Qd6 15. f4 exf4 16. Qxf4 Qxf4 17. Rxf4 Rad8 18. Kf2 Ne6 19. Rf3 c5 20. Ke3 Rfe8
21. Rcf1 f6 22. h4 Rd6 23. Rg3 Kf7 24. Kd2 Nf8 25. Kc3 Ng6 26. h5 Ne5 27. Nf4
Nc6 28. h6 g6 29. b3 Ne5 30. a4 c6 31. a5 Ke7 32. Nh3 Rd4 33. Ng1 Kf7 34. Nf3
Rd6 35. Nd2 Rd4 36. Nf3 Rd6 37. Nd2 1/2-1/2

[Event "7th Chennai Open"]
[Site "Chennai"]
[Date "2015.01.01"]
[Round "4"]
[White "Karthikeyan, P."]
[Black "Sa, Kannan"]
[Result "1-0"]
[WhiteElo "2400"]
[BlackElo "1932"]
[PlyCount "79"]
[EventDate "2014.12.30"]
[EventType "swiss"]
[EventRounds "10"]
[EventCountry "IND"]

1. d4 d5 2. c4 e6 3. Nf3 Nf6 4. Nc3 c6 5. g3 Ne4 6. Bg2 f5 7. O-O Bd6 8. Qc2
O-O 9. Ne5 Nd7 10. Nd3 Qf6 11. e3 g5 12. f3 Nxc3 13. Qxc3 Qg7 14. Bd2 h5 15. e4
dxc4 16. Qxc4 Nb6 17. Qc2 Qxd4+ 18. Kh1 Qg7 19. Bc3 Qg6 20. Ne5 Bxe5 21. Bxe5
Bd7 22. a4 Be8 23. a5 Nd7 24. Bd6 Rf7 25. a6 Nf6 26. axb7 Rxb7 27. Bc5 Rf7 28.
Qc4 Nd7 29. Bd4 Nf8 30. Rfe1 Kh7 31. Bc3 Qg8 32. Ra5 Rd8 33. Re5 h4 34. exf5
hxg3 35. fxe6 Rf4 36. e7 Qxc4 37. exd8=Q Rh4 38. Qxe8 Rxh2+ 39. Kg1 Ng6 40.
Rxg5 1-0

[Event "7th Chennai Open"]
[Site "Chennai"]
[Date "2015.01.01"]
[Round "4"]
[White "Mehar, Chinna Reddy C.H"]
[Black "David, Alberto"]
[Result "0-1"]
[WhiteElo "2281"]
[BlackElo "2578"]
[PlyCount "51"]
[EventDate "2014.12.30"]
[EventType "swiss"]
[EventRounds "10"]
[EventCountry "IND"]

1. e4 c5 2. Nf3 e6 3. b3 b6 4. Bb2 Bb7 5. Qe2 Nc6 6. Nc3 a6 7. O-O-O Nd4 8. Qe3
Nxf3 9. gxf3 Nf6 10. Rg1 b5 11. Kb1 Qc7 12. f4 c4 13. bxc4 bxc4 14. f5 Bc5 15.
d4 cxd3 16. Qxd3 Rb8 17. Ka1 Bc6 18. Rb1 Qe5 19. Nb5 Qxh2 20. Rxg7 Bxb5 21. c4
Bc6 22. Bxf6 Rxb1+ 23. Qxb1 Bd6 24. Rg3 Bxg3 25. fxg3 O-O 26. Qd3 0-1

[Event "7th Chennai Open"]
[Site "Chennai"]
[Date "2015.01.01"]
[Round "4"]
[White "Brunello, Sabino"]
[Black "Praveen Kumar, C."]
[Result "1-0"]
[WhiteElo "2573"]
[BlackElo "2251"]
[PlyCount "53"]
[EventDate "2014.12.30"]
[EventType "swiss"]
[EventRounds "10"]
[EventCountry "IND"]

1. d4 Nf6 2. c4 c5 3. d5 e6 4. Nc3 exd5 5. cxd5 d6 6. Nf3 g6 7. e4 Bg7 8. Be2
O-O 9. O-O Re8 10. Nd2 Na6 11. a4 Nc7 12. Qc2 b6 13. h3 Ba6 14. Re1 Bxe2 15.
Rxe2 a6 16. Nc4 Rb8 17. Bf4 Bf8 18. Bh2 Nh5 19. g4 Ng7 20. Rd1 f6 21. f4 f5 22.
gxf5 gxf5 23. e5 b5 24. Ne3 dxe5 25. fxe5 Qg5+ 26. Kh1 f4 27. Ne4 1-0

[Event "7th Chennai Open"]
[Site "Chennai"]
[Date "2015.01.01"]
[Round "4"]
[White "Baryshpolets, Andrey"]
[Black "Maheswaran, P."]
[Result "1-0"]
[WhiteElo "2566"]
[BlackElo "2275"]
[PlyCount "111"]
[EventDate "2014.12.30"]
[EventType "swiss"]
[EventRounds "10"]
[EventCountry "IND"]

1. d4 Nf6 2. c4 c5 3. d5 d6 4. Nc3 g6 5. e4 Bg7 6. h3 O-O 7. Bd3 e6 8. Nf3 exd5
9. exd5 Na6 10. O-O Nb4 11. Bb1 b6 12. Re1 Na6 13. Bf4 Nh5 14. Bg5 f6 15. Bd2
f5 16. Bg5 Bf6 17. Qd2 Nc7 18. Bc2 Bd7 19. Bh6 Bg7 20. Rad1 Re8 21. Bxg7 Kxg7
22. Rxe8 Qxe8 23. a3 Qf8 24. b4 Re8 25. Rb1 Rb8 26. Ba4 Bxa4 27. Nxa4 Nf6 28.
Nc3 h6 29. Qb2 Re8 30. bxc5 dxc5 31. a4 Kh7 32. a5 Nd7 33. Nb5 Nxb5 34. Qxb5
Qd6 35. axb6 axb6 36. Qc6 Qe7 37. Re1 Qf7 38. Re6 Re7 39. Qd6 Re8 40. h4 Nf8
41. Rxe8 Qxe8 42. Qxb6 Nd7 43. Qc7 Kg8 44. Qf4 Kg7 45. h5 gxh5 46. Qxf5 Qf7 47.
Qe4 Qf6 48. g3 Kf8 49. Kg2 Kg7 50. Nh4 Ne5 51. Nf5+ Kf8 52. Nxh6 h4 53. Ng4 h3+
54. Kxh3 Nxg4 55. Qxg4 Qh6+ 56. Kg2 1-0

[Event "7th Chennai Open"]
[Site "Chennai"]
[Date "2015.01.01"]
[Round "4"]
[White "Evdokimov, Alexander A"]
[Black "Deshmukh, Anup"]
[Result "1-0"]
[WhiteElo "2538"]
[BlackElo "2250"]
[PlyCount "55"]
[EventDate "2014.12.30"]
[EventType "swiss"]
[EventRounds "10"]
[EventCountry "IND"]

1. d4 Nf6 2. Nf3 g6 3. c4 Bg7 4. Nc3 d5 5. cxd5 Nxd5 6. e4 Nxc3 7. bxc3 O-O 8.
Be3 c5 9. Qd2 Qa5 10. Rb1 a6 11. Rc1 Bg4 12. d5 c4 13. Nd4 b5 14. h4 e5 15.
dxe6 fxe6 16. h5 gxh5 17. Be2 Rd8 18. Bxg4 hxg4 19. Qe2 Bxd4 20. Bxd4 Rxd4 21.
Qxg4+ Kh8 22. Qxe6 Rd7 23. Qe8+ Kg7 24. Rh3 Qd8 25. Rg3+ Kf6 26. Rf3+ Kg7 27.
Rf7+ Kg6 28. Qe6+ 1-0

[Event "7th Chennai Open"]
[Site "Chennai"]
[Date "2015.01.01"]
[Round "4"]
[White "Gasanov, Eldar"]
[Black "Ram, S. Krishnan"]
[Result "1-0"]
[WhiteElo "2526"]
[BlackElo "2240"]
[PlyCount "83"]
[EventDate "2014.12.30"]
[EventType "swiss"]
[EventRounds "10"]
[EventCountry "IND"]

1. c4 Nf6 2. g3 c6 3. Bg2 d5 4. Nf3 e6 5. O-O dxc4 6. a4 a5 7. Qc2 Bd6 8. Na3
O-O 9. Nxc4 Bc7 10. d4 Na6 11. e4 Nb4 12. Qe2 b6 13. Bg5 Qe8 14. Nfe5 Nd7 15.
Nd3 Nxd3 16. Qxd3 Ba6 17. Rfc1 e5 18. d5 Nc5 19. Qd1 Bxc4 20. Rxc4 cxd5 21.
exd5 Bd6 22. b4 axb4 23. Rxb4 Rb8 24. Rab1 Nd7 25. Rb5 f5 26. Be3 f4 27. Bxb6
fxg3 28. hxg3 Rxb6 29. Rxb6 Nxb6 30. Rxb6 Bc5 31. Rb2 e4 32. d6 Qe5 33. d7 Bd4
34. Rd2 e3 35. Rxd4 e2 36. Qb3+ Kh8 37. d8=Q e1=Q+ 38. Kh2 Qxf2 39. Qf3 Qxf3
40. Bxf3 Qf5 41. Qd5 Qe5 42. Bg2 1-0

[Event "7th Chennai Open"]
[Site "Chennai"]
[Date "2015.01.02"]
[Round "5"]
[White "Rathnakaran, K."]
[Black "Swapnil, S. Dhopade"]
[Result "0-1"]
[WhiteElo "2387"]
[BlackElo "2418"]
[PlyCount "92"]
[EventDate "2014.12.30"]
[EventType "swiss"]
[EventRounds "10"]
[EventCountry "IND"]

1. e4 c6 2. d3 d5 3. Nd2 e5 4. Ngf3 Bd6 5. g3 Nf6 6. Bg2 O-O 7. O-O Re8 8. Nh4
Bg4 9. Qe1 Na6 10. h3 Bh5 11. Ndf3 Nc5 12. Nf5 dxe4 13. dxe4 Ncxe4 14. N3h4 Nc5
15. Bg5 Bf8 16. g4 Bg6 17. Rd1 Qc7 18. Bxf6 gxf6 19. Qe3 Ne6 20. Nh6+ Bxh6 21.
Qxh6 Rad8 22. Nf5 Rxd1 23. Rxd1 Rd8 24. Re1 Rd7 25. Be4 Qd8 26. Bd3 Qf8 27. Qh4
Ng5 28. Re3 Rd8 29. Kf1 Kh8 30. a3 a5 31. Qg3 Ne6 32. Qh4 Ng5 33. Qg3 Qc5 34.
Qh4 Bxf5 35. gxf5 e4 36. Bxe4 Rd4 37. f3 Nxe4 38. fxe4 Rd1+ 39. Re1 Qc4+ 40.
Kf2 Qxc2+ 41. Re2 Qc5+ 42. Kf3 Rf1+ 43. Kg4 Qe5 44. Qg3 h5+ 45. Kh4 Rf4+ 46.
Kxh5 Rxf5+ 0-1

[Event "7th Chennai Open"]
[Site "Chennai"]
[Date "2015.01.02"]
[Round "5"]
[White "Sunilduth Lyna, Narayanan"]
[Black "Popov, Ivan"]
[Result "1/2-1/2"]
[WhiteElo "2437"]
[BlackElo "2622"]
[PlyCount "78"]
[EventDate "2014.12.30"]
[EventType "swiss"]
[EventRounds "10"]
[EventCountry "IND"]

1. d4 Nf6 2. c4 g6 3. Nf3 Bg7 4. g3 b6 5. Bg2 Bb7 6. O-O O-O 7. Qc2 c5 8. d5 b5
9. e4 bxc4 10. Nbd2 d6 11. Nxc4 Nbd7 12. Rd1 Ng4 13. Bd2 Ba6 14. Rab1 Nge5 15.
Nfxe5 Nxe5 16. Nxe5 Bxe5 17. Bc3 Bxc3 18. Qxc3 Rb8 19. e5 Qb6 20. h4 Bc8 21. b3
Bf5 22. Rbc1 h5 23. Re1 Qa6 24. Qd2 Rb4 25. Bf1 Qc8 26. Bc4 Qc7 27. Qc3 Rb7 28.
Re3 dxe5 29. Rxe5 Qd6 30. Rce1 Rd8 31. Kg2 Rc7 32. Qe3 Kf8 33. Qh6+ Kg8 34. f3
Qf6 35. Qf4 Rd6 36. Qe3 Kf8 37. Qh6+ Kg8 38. Qe3 Kf8 39. Qh6+ Kg8 1/2-1/2

[Event "7th Chennai Open"]
[Site "Chennai"]
[Date "2015.01.02"]
[Round "5"]
[White "Gagare, Shardul"]
[Black "Mozharov, Mikhail"]
[Result "0-1"]
[WhiteElo "2411"]
[BlackElo "2557"]
[PlyCount "78"]
[EventDate "2014.12.30"]
[EventType "swiss"]
[EventRounds "10"]
[EventCountry "IND"]

1. c4 e5 2. g3 Nf6 3. Bg2 Nc6 4. Nc3 Bc5 5. a3 a6 6. e3 d6 7. Nge2 Ba7 8. d4
exd4 9. exd4 O-O 10. h3 h6 11. O-O Ne7 12. b4 c6 13. b5 axb5 14. cxb5 Be6 15.
Qd3 Bf5 16. Qf3 d5 17. bxc6 bxc6 18. g4 Be4 19. Nxe4 dxe4 20. Qb3 Ned5 21. Rd1
Re8 22. Ng3 Bb8 23. Nf5 Bf4 24. Ra2 Qd7 25. Bxf4 Nxf4 26. Qg3 Nxg2 27. Qxg2 h5
28. Qg3 hxg4 29. hxg4 Ra5 30. Rc2 g6 31. Ne3 Rxa3 32. Qf4 Nd5 33. Nxd5 cxd5 34.
Rc7 Qe6 35. Rc5 Rf3 36. Qg5 e3 37. fxe3 Rxe3 38. Rf1 Rg3+ 39. Kh2 Rxg4 0-1

[Event "7th Chennai Open"]
[Site "Chennai"]
[Date "2015.01.02"]
[Round "5"]
[White "Cruz, Cristhian"]
[Black "Karthikeyan, P."]
[Result "1/2-1/2"]
[WhiteElo "2546"]
[BlackElo "2400"]
[PlyCount "124"]
[EventDate "2014.12.30"]
[EventType "swiss"]
[EventRounds "10"]
[EventCountry "IND"]

1. d4 Nf6 2. c4 e6 3. Nc3 Bb4 4. e3 c5 5. Bd3 d5 6. Nf3 O-O 7. O-O Nc6 8. a3
Ba5 9. cxd5 exd5 10. dxc5 Bxc3 11. bxc3 Bg4 12. Rb1 Qe7 13. Qc2 Bxf3 14. gxf3
Ne5 15. Be2 Rfc8 16. a4 Rab8 17. Ba3 Qe6 18. Kh1 Nfd7 19. Qd2 Nc4 20. Bxc4 dxc4
21. Qd4 Ne5 22. Rg1 Rd8 23. Rxb7 Qf6 24. Rxb8 Qxf3+ 25. Rg2 Rxb8 26. Bb4 f6 27.
Qd6 Re8 28. c6 Nd3 29. Qg3 Qxg3 30. Rxg3 Rc8 31. Kg2 Nxb4 32. cxb4 c3 33. Kf3
Rxc6 34. Rg1 Rc4 35. Rc1 Rxb4 36. Rxc3 Rxa4 37. Rc7 h6 38. e4 Kh7 39. Kf4 Kg6
40. f3 h5 41. h4 Ra1 42. Rb7 a5 43. Ra7 a4 44. e5 a3 45. exf6 gxf6 46. Ra5 a2
47. Ra7 Rh1 48. Rxa2 Rxh4+ 49. Kg3 Rd4 50. Ra8 h4+ 51. Kf2 Kf5 52. Rh8 Kg5 53.
Rg8+ Kf4 54. Rg4+ Ke5 55. Rg6 Rd2+ 56. Ke3 Rh2 57. Rh6 f5 58. Rh8 f4+ 59. Kd3
Kf5 60. Rf8+ Ke5 61. Re8+ Kf5 62. Rf8+ Ke5 {Ke4+} 1/2-1/2

[Event "7th Chennai Open"]
[Site "Chennai"]
[Date "2015.01.02"]
[Round "5"]
[White "Dzhumaev, Marat"]
[Black "Ramnath, Bhuvanesh.R"]
[Result "1-0"]
[WhiteElo "2532"]
[BlackElo "2405"]
[PlyCount "55"]
[EventDate "2014.12.30"]
[EventType "swiss"]
[EventRounds "10"]
[EventCountry "IND"]

1. d4 Nf6 2. Nc3 d5 3. Bg5 Nbd7 4. Qd3 c5 5. O-O-O e6 6. e4 cxd4 7. Qxd4 Bc5 8.
Qd3 d4 9. Nce2 e5 10. c3 O-O 11. Nf3 Qa5 12. Kb1 Ng4 13. Bh4 dxc3 14. Nxc3 Nxf2
15. Bxf2 Bxf2 16. Qc2 Bc5 17. Bc4 Nb6 18. Bxf7+ Rxf7 19. Rd8+ Rf8 20. Qb3+ Kh8
21. Nxe5 g6 22. Rf1 Rxd8 23. Nf7+ Kg7 24. Nxd8 Bd7 25. Qf7+ Kh8 26. Qf6+ Kg8
27. Nf7 Bf8 28. Qh8# 1-0

[Event "7th Chennai Open"]
[Site "Chennai"]
[Date "2015.01.02"]
[Round "5"]
[White "Krishna, C.R.G."]
[Black "Nguyen, Van Huy"]
[Result "1-0"]
[WhiteElo "2365"]
[BlackElo "2445"]
[PlyCount "74"]
[EventDate "2014.12.30"]
[EventType "swiss"]
[EventRounds "10"]
[EventCountry "IND"]

1. d4 Nf6 2. c4 e6 3. g3 Bb4+ 4. Bd2 Qe7 5. Bg2 Nc6 6. Nf3 Bxd2+ 7. Nbxd2 d6 8.
O-O a5 9. e4 e5 10. d5 Nb8 11. Ne1 O-O 12. Nd3 Na6 13. Qc2 c6 14. Qc3 cxd5 15.
exd5 Bf5 16. f4 Bxd3 17. Qxd3 exf4 18. Rxf4 Rae8 19. Nb3 Qd8 20. Raf1 Nd7 21.
Qd2 a4 22. Nd4 Ne5 23. Nf5 Nc5 24. Rh4 g5 25. Rh5 f6 26. h4 Kh8 27. hxg5 fxg5
28. Rh6 Ng6 29. Qd4+ Re5 30. Qg4 Kg8 31. Rh5 Kh8 32. Rh6 Qd7 33. Qxg5 Rexf5 34.
Qxg6 Rxf1+ 35. Bxf1 Qf7 36. Qxf7 Rxf7 37. Rxd6 Ne4 1-0

[Event "7th Chennai Open"]
[Site "Chennai"]
[Date "2015.01.02"]
[Round "5"]
[White "David, Alberto"]
[Black "Vignesh, Nr"]
[Result "1-0"]
[WhiteElo "2578"]
[BlackElo "2340"]
[PlyCount "85"]
[EventDate "2014.12.30"]
[EventType "swiss"]
[EventRounds "10"]
[EventCountry "IND"]

1. e4 c5 2. Nf3 d6 3. Bb5+ Nd7 4. O-O Ngf6 5. Re1 a6 6. Bf1 b6 7. d4 cxd4 8.
Nxd4 Bb7 9. f3 g6 10. c4 Bg7 11. Nc3 O-O 12. Bg5 Rc8 13. Qd2 Re8 14. Kh1 Qc7
15. Nd5 Qb8 16. Rad1 Ba8 17. b3 e6 18. Nxf6+ Bxf6 19. Bxf6 Nxf6 20. Nc2 Rcd8
21. Qd4 Nh5 22. Ne3 f5 23. exf5 gxf5 24. Qh4 Ng7 25. Qh6 e5 26. c5 b5 27. cxd6
Re6 28. Qh3 Rf6 29. Bd3 Rdf8 30. d7 Qd8 31. Bc2 Bc6 32. b4 Bxd7 33. Ng4 Re6 34.
Nxe5 Kh8 35. Bb3 Rxe5 36. Rxe5 Qf6 37. Red5 Bc8 38. Rd6 Qe7 39. Rh6 Ne8 40. Qh4
Qg7 41. Rb6 Qc7 42. Qd4+ Ng7 43. Rd6 1-0

[Event "7th Chennai Open"]
[Site "Chennai"]
[Date "2015.01.02"]
[Round "5"]
[White "Kumaran, B."]
[Black "Brunello, Sabino"]
[Result "0-1"]
[WhiteElo "2316"]
[BlackElo "2573"]
[PlyCount "66"]
[EventDate "2014.12.30"]
[EventType "swiss"]
[EventRounds "10"]
[EventCountry "IND"]

1. e4 c5 2. b3 Nf6 3. e5 Nd5 4. Bb2 g6 5. Nc3 Nxc3 6. Bxc3 Bg7 7. Nf3 O-O 8.
Bc4 d5 9. exd6 exd6 10. Bxg7 Re8+ 11. Be2 Kxg7 12. O-O Nc6 13. d4 Qf6 14. c3
cxd4 15. Nxd4 Nxd4 16. cxd4 Re4 17. Bf3 Rxd4 18. Qc2 Bf5 19. Qc7 Rc8 20. Qxb7
a5 21. Rad1 Rc2 22. a3 Ra2 23. Rxd4 Qxd4 24. Bd5 Qf6 25. Bc4 Rxa3 26. Qd5 a4
27. bxa4 Rxa4 28. Qb5 Ra3 29. h3 Be4 30. Re1 d5 31. Bxd5 Ra1 32. Rf1 Rxf1+ 33.
Kxf1 Qd4 0-1

[Event "7th Chennai Open"]
[Site "Chennai"]
[Date "2015.01.02"]
[Round "5"]
[White "Shivananda, B.S."]
[Black "Baryshpolets, Andrey"]
[Result "1-0"]
[WhiteElo "2305"]
[BlackElo "2566"]
[PlyCount "61"]
[EventDate "2014.12.30"]
[EventType "swiss"]
[EventRounds "10"]
[EventCountry "IND"]

1. e4 e6 2. d4 d5 3. Nd2 Be7 4. Ngf3 Nf6 5. e5 Nfd7 6. Bd3 c5 7. c3 Nc6 8. O-O
g5 9. dxc5 g4 10. Nd4 Ndxe5 11. Bb5 Bd7 12. b4 Ng6 13. N2b3 e5 14. Nc2 Be6 15.
Na5 Qd7 16. Ne3 O-O 17. Qa4 Rfc8 18. Rd1 a6 19. Bxc6 bxc6 20. Nec4 Qc7 21. Nb6
Rab8 22. Nxc8 Rxc8 23. Bh6 f5 24. Rac1 f4 25. c4 Nh4 26. Qxc6 Qxc6 27. Nxc6
Rxc6 28. cxd5 Bxd5 29. Rxd5 Kf7 30. Rxe5 Rxh6 31. c6 1-0

[Event "7th Chennai Open"]
[Site "Chennai"]
[Date "2015.01.02"]
[Round "5"]
[White "Gahan, M.G."]
[Black "Evdokimov, Alexander A"]
[Result "0-1"]
[WhiteElo "2295"]
[BlackElo "2538"]
[PlyCount "46"]
[EventDate "2014.12.30"]
[EventType "swiss"]
[EventRounds "10"]
[EventCountry "IND"]

1. e4 c6 2. d4 d5 3. f3 e6 4. Nc3 Bb4 5. Bf4 Ne7 6. Qd3 b6 7. Qe3 Ba6 8. Bxa6
Nxa6 9. O-O-O Rc8 10. Nge2 O-O 11. g4 b5 12. Nb1 c5 13. a3 cxd4 14. Nxd4 Bc5
15. Qe2 Qb6 16. Nxb5 Ng6 17. Bg3 Be3+ 18. Nd2 Rc5 19. Nc3 Rxc3 20. bxc3 Nf4 21.
Bxf4 Bxf4 22. a4 Nc7 23. a5 Qxa5 0-1

[Event "7th Chennai Open"]
[Site "Chennai"]
[Date "2015.01.02"]
[Round "5"]
[White "Abhishek, Kelkar"]
[Black "Gasanov, Eldar"]
[Result "1/2-1/2"]
[WhiteElo "2280"]
[BlackElo "2526"]
[PlyCount "58"]
[EventDate "2014.12.30"]
[EventType "swiss"]
[EventRounds "10"]
[EventCountry "IND"]

1. d4 Nf6 2. c4 e6 3. Nf3 d5 4. Nc3 c6 5. Bg5 h6 6. Bxf6 Qxf6 7. e3 Nd7 8. Bd3
g6 9. O-O Bg7 10. Qc2 O-O 11. Rfd1 dxc4 12. Bxc4 b6 13. e4 Bb7 14. e5 Qe7 15.
Re1 a6 16. Rad1 b5 17. Bf1 Rac8 18. a3 c5 19. d5 exd5 20. Nxd5 Qe6 21. Nf4 Qg4
22. Nd5 Rfe8 23. h3 Qe6 24. Nf4 Qe7 25. e6 Nf8 26. Ne5 Bxe5 27. Rxe5 Qf6 28.
exf7+ Qxf7 29. Rxe8 Rxe8 1/2-1/2

[Event "7th Chennai Open"]
[Site "Chennai"]
[Date "2015.01.02"]
[Round "5"]
[White "Nguyen, Duc Hoa"]
[Black "Kunal, M."]
[Result "1/2-1/2"]
[WhiteElo "2507"]
[BlackElo "2336"]
[PlyCount "83"]
[EventDate "2014.12.30"]
[EventType "swiss"]
[EventRounds "10"]
[EventCountry "IND"]

1. d4 Nf6 2. c4 e6 3. Nf3 Bb4+ 4. Bd2 Qe7 5. g3 Nc6 6. Nc3 Bxc3 7. Bxc3 Ne4 8.
Rc1 O-O 9. Bg2 d6 10. d5 Nxc3 11. Rxc3 Nd8 12. Qc2 Bd7 13. O-O b6 14. Re3 Rb8
15. Nd4 e5 16. f4 f6 17. f5 Be8 18. b4 a5 19. a3 axb4 20. axb4 Ra8 21. Qb2 Bh5
22. h3 Qd7 23. Ne6 Re8 24. Ra1 Nb7 25. Rea3 Rxa3 26. Rxa3 Rb8 27. Ra7 Qc8 28.
Qa2 Be8 29. Qa6 g5 30. Be4 Bd7 31. Kf2 Kf7 32. Qa3 Ke7 33. Qf3 Be8 34. Qa3 Bd7
35. Kg2 Be8 36. c5 bxc5 37. bxc5 dxc5 38. Rxb7 Rxb7 39. Qxc5+ Kd7 40. Qc6+ Ke7
41. d6+ Kf7 42. Qxb7 1/2-1/2

[Event "7th Chennai Open"]
[Site "Chennai"]
[Date "2015.01.02"]
[Round "5"]
[White "Karthikeyan, Murali"]
[Black "Harsha, Bharathakoti"]
[Result "1/2-1/2"]
[WhiteElo "2497"]
[BlackElo "2309"]
[PlyCount "130"]
[EventDate "2014.12.30"]
[EventType "swiss"]
[EventRounds "10"]
[EventCountry "IND"]

1. e4 e6 2. d4 d5 3. Nd2 Nc6 4. Ngf3 Nf6 5. e5 Nd7 6. Bb5 a6 7. Bxc6 bxc6 8.
Nb3 c5 9. Bg5 Be7 10. Na5 Nxe5 11. dxe5 Bxg5 12. Nc6 Qd7 13. Nxg5 h6 14. Qh5
O-O 15. O-O-O hxg5 16. g4 Qxc6 17. h4 f6 18. hxg5 fxg5 19. Rd3 d4 20. Qh7+ Kf7
21. Rh6 Ke7 22. Qxg7+ Rf7 23. Qxg5+ Kd7 24. Qg6 Re7 25. Rh7 Qg2 26. Rxe7+ Kxe7
27. Qg7+ Ke8 28. Qxc7 Bb7 29. Qxc5 Qxf2 30. Qb6 Bd5 31. Qxd4 Qxd4 32. Rxd4 Ke7
33. a4 Rg8 34. Rb4 Kd7 35. Rb6 Rxg4 36. Rxa6 Re4 37. Ra5 Kc7 38. Kd2 Bc6 39.
Ra7+ Kb6 40. Re7 Rxe5 41. b3 Kc5 42. Kc3 Kd6 43. Rg7 Re2 44. Kd3 Rh2 45. a5 Rh5
46. b4 Bb5+ 47. Kc3 Rh3+ 48. Kb2 Kd5 49. Rc7 Kd6 50. Rb7 Bc6 51. Rb6 Kc7 52. b5
Bd5 53. c4 Rh2+ 54. Kc3 Rh3+ 55. Kd2 Rh2+ 56. Ke3 Rh3+ 57. Kf2 Rh2+ 58. Kg3
Rg2+ 59. Kf4 Bb7 60. Rxe6 Rc2 61. Re7+ Kb8 62. Ke5 Rxc4 63. Kd6 Rh4 64. a6 Rh6+
65. Kc5 Bxa6 1/2-1/2

[Event "7th Chennai Open"]
[Site "Chennai"]
[Date "2015.01.02"]
[Round "5"]
[White "Matta, Vinay Kumar"]
[Black "Cruz, Jonathan"]
[Result "0-1"]
[WhiteElo "2184"]
[BlackElo "2454"]
[PlyCount "154"]
[EventDate "2014.12.30"]
[EventType "swiss"]
[EventRounds "10"]
[EventCountry "IND"]

1. e4 e5 2. Nf3 Nc6 3. Nc3 Bd6 4. d4 exd4 5. Nxd4 Nge7 6. Ndb5 Be5 7. f4 a6 8.
fxe5 axb5 9. Bxb5 Ng6 10. O-O Ncxe5 11. Qh5 c6 12. Be2 O-O 13. Be3 Ra5 14. b4
Ra3 15. Bd4 Qe7 16. Nb1 Ra8 17. a3 d6 18. Nd2 Be6 19. Bb2 b5 20. Rf2 Qa7 21. g3
Qe3 22. Rd1 c5 23. Nf1 Qxe4 24. Rxd6 Bd5 25. Rxd5 Qxd5 26. Ne3 Qe4 27. Nf5 cxb4
28. Rf4 Nxf4 29. gxf4 Ng6 30. Qh6 Qe3+ 31. Nxe3 gxh6 32. Ng4 f6 33. axb4 Kg7
34. Ne3 Nxf4 35. Bxb5 Rab8 36. Bf1 Rxb4 37. Ba3 Rfb8 38. Bxb4 Rxb4 39. c4 Ne6
40. Kf2 Rb2+ 41. Kg3 Nc5 42. Bg2 Kg6 43. Bh3 h5 44. Bf5+ Kh6 45. h3 Rd2 46. h4
Rb2 47. Bc2 Kg7 48. Kf4 Ra2 49. Nf5+ Kf8 50. Ne3 Ne6+ 51. Kg3 Ra3 52. Kf2 h6
53. Be4 Nc5 54. Bf5 Ke7 55. Bg6 Nd3+ 56. Bxd3 Rxd3 57. Ke2 Ra3 58. Kf3 Ke6 59.
Ke4 Ra1 60. Nc2 f5+ 61. Ke3 Rc1 62. Kd3 Ke5 63. c5 Rh1 64. c6 Rd1+ 65. Ke2 Rc1
66. Kd2 Rxc2+ 67. Kxc2 Kd6 68. Kd3 Kxc6 69. Ke3 Kd5 70. Kf4 Ke6 71. Kf3 Ke5 72.
Ke3 f4+ 73. Kf2 Ke4 74. Ke2 f3+ 75. Kf2 Kf4 76. Kf1 Kg3 77. Kg1 Kxh4 0-1

[Event "7th Chennai Open"]
[Site "Chennai"]
[Date "2015.01.02"]
[Round "5"]
[White "Shyam, Nikil P"]
[Black "Ravi, Teja S"]
[Result "1/2-1/2"]
[WhiteElo "2454"]
[BlackElo "2306"]
[PlyCount "50"]
[EventDate "2014.12.30"]
[EventType "swiss"]
[EventRounds "10"]
[EventCountry "IND"]

1. b3 e5 2. Bb2 d6 3. e3 g6 4. d4 Bg7 5. dxe5 Nc6 6. Bb5 Bd7 7. Nf3 Nxe5 8.
Bxd7+ Qxd7 9. Nxe5 Bxe5 10. Bxe5 dxe5 11. Qxd7+ Kxd7 12. Nc3 Nf6 13. O-O-O+ Ke7
14. f3 Rad8 15. Rd3 Rxd3 16. cxd3 Rd8 17. Kd2 c5 18. a3 Nd5 19. Rc1 Nxc3 20.
Rxc3 Kd6 21. Rc4 b6 22. Rh4 h5 23. Kc3 b5 24. d4 exd4+ 25. exd4 a5 1/2-1/2

[Event "7th Chennai Open"]
[Site "Chennai"]
[Date "2015.01.02"]
[Round "5"]
[White "Das, Sayantan"]
[Black "Hemant, Sharma (del)"]
[Result "1-0"]
[WhiteElo "2444"]
[BlackElo "2234"]
[PlyCount "81"]
[EventDate "2014.12.30"]
[EventType "swiss"]
[EventRounds "10"]
[EventCountry "IND"]

1. e4 c5 2. Nf3 Nc6 3. d4 cxd4 4. Nxd4 g6 5. c4 Bg7 6. Be3 Nf6 7. Nc3 O-O 8.
Be2 d6 9. O-O Bd7 10. Qd2 Nxd4 11. Bxd4 Bc6 12. f3 a5 13. b3 Nd7 14. Bf2 Nc5
15. Rab1 Qb6 16. Rfc1 Rfc8 17. Rc2 Qd8 18. Bf1 h5 19. Nd5 Bxd5 20. exd5 Nd7 21.
Re1 Qf8 22. f4 Nf6 23. Rcc1 Ng4 24. Bb6 Ra6 25. Bd4 Bxd4+ 26. Qxd4 Qd8 27. h3
Nf6 28. f5 Qb6 29. Qxb6 Rxb6 30. fxg6 fxg6 31. Rxe7 Nxd5 32. Re6 Kf7 33. Rce1
Nc7 34. Re7+ Kf6 35. R7e3 d5 36. Rf3+ Kg5 37. Re5+ Kh6 38. cxd5 Rd8 39. Rf7
Nxd5 40. Bc4 Rf6 41. Rxd5 1-0